Pokemon Scrambled: Gen 3 - Statistics

General Stats
  • This quiz has been taken 19 times
  • The average score is 7 of 15
Answer Stats
Scramble Pokemon % Correct
pukdmi Mudkip
92%
nurodog Groudon
67%
eoceknl Kecleon
67%
iamlwe Mawile
67%
lmbdeu Beldum
50%
hhomceci Chimecho
50%
bscnmkuoe Combusken
50%
kamhtuai Makuhita
50%
sohpihcr Corphish
42%
rbgssoey Gorebyss
42%
icdeahmm Medicham
42%
hlsepa Spheal
42%
aceutrcn Cacturne
33%
uocsspdl Dusclops
25%
ikercrgo Regirock
17%
No matching quizzes found
Score Distribution
Percent of People with Each Score
Percentile by Number Answered
Your Score History
You have not taken this quiz